[Event "DEM U10 2021"]
[Site "Willingen GER"]
[Date "2021.08.26"]
[Round "6"]
[White "Teng, David"]
[Black "Merenda, Lukas-Benedikt"]
[Result "0-1"]
[Termination "normal"]
[Board "10"]
[WhiteElo "1380"]
[BlackElo "1222"]
[WhiteClock "00:07:06"]
[BlackClock "00:29:51"]
[PlyCount "118"]
[WhiteFideId "34604570"]
[BlackFideId "34603336"]
[EventCountry "GER"]
[EventRounds "11"]
[EventType "swiss"]
[EventDate "2021.08.22"]

1. e4 {[%clk 01:15:59]} e5 {[%clk 01:15:52]} {[%emt 00:00:08]} 2. Nf3 {[%clk
01:16:15]} {[%emt 00:00:14]} Nc6 {[%clk 01:16:08]} {[%emt 00:00:14]} 3. Bc4
{[%clk 01:16:36]} {[%emt 00:00:10]} Bc5 {[%clk 01:16:24]} {[%emt 00:00:13]} 4.
c3 {[%clk 01:16:57]} {[%emt 00:00:09]} Nf6 {[%clk 01:16:49]} {[%emt 00:00:06]}
5. d4 {[%clk 01:17:14]} {[%emt 00:00:13]} exd4 {[%clk 01:17:13]} {[%emt
00:00:06]} 6. O-O {[%clk 01:14:50]} {[%emt 00:02:53]} Nxe4 {[%clk 01:16:53]}
{[%emt 00:00:49]} 7. cxd4 {[%clk 01:13:54]} {[%emt 00:01:27]} d5 {[%clk
01:16:31]} {[%emt 00:00:51]} 8. dxc5 {[%clk 01:13:15]} {[%emt 00:01:09]} dxc4
{[%clk 01:16:39]} {[%emt 00:00:23]} 9. Qe2 {[%clk 01:12:37]} {[%emt 00:01:08]}
Qe7 {[%clk 01:10:38]} {[%emt 00:06:31]} 10. Re1 {[%clk 01:10:37]} {[%emt
00:02:29]} Nxc5 {[%clk 01:06:23]} {[%emt 00:04:46]} 11. Qd2 {[%clk 01:06:42]}
{[%emt 00:04:25]} Be6 {[%clk 00:59:24]} {[%emt 00:07:29]} 12. Nc3 {[%clk
00:59:12]} {[%emt 00:08:00]} Nd3 {[%clk 00:56:06]} {[%emt 00:03:49]} 13. Re2
{[%clk 00:51:43]} {[%emt 00:07:48]} O-O-O {[%clk 00:54:32]} {[%emt 00:02:13]}
14. Qg5 {[%clk 00:45:29]} {[%emt 00:06:46]} Qf6 {[%clk 00:49:44]} {[%emt
00:05:17]} 15. Ne4 {[%clk 00:42:43]} {[%emt 00:03:17]} Qxg5 {[%clk 00:41:14]}
{[%emt 00:09:00]} 16. Bxg5 {[%clk 00:38:54]} {[%emt 00:04:19]} Rd7 {[%clk
00:40:41]} {[%emt 00:01:03]} 17. Ne1 {[%clk 00:31:30]} {[%emt 00:07:53]} f6
{[%clk 00:37:45]} {[%emt 00:03:26]} 18. Be3 {[%clk 00:30:30]} {[%emt 00:01:28]}
b6 {[%clk 00:35:34]} {[%emt 00:02:44]} 19. Rd1 {[%clk 00:25:19]} {[%emt
00:05:41]} Rhd8 {[%clk 00:33:56]} {[%emt 00:02:07]} 20. Red2 {[%clk 00:21:20]}
{[%emt 00:04:29]} Bf5 {[%clk 00:31:28]} {[%emt 00:02:59]} 21. Nxd3 {[%clk
00:19:13]} {[%emt 00:02:38]} cxd3 {[%clk 00:30:58]} {[%emt 00:00:59]} 22. Ng3
{[%clk 00:18:27]} {[%emt 00:01:16]} Bg6 {[%clk 00:29:42]} {[%emt 00:01:46]} 23.
Rc1 {[%clk 00:17:10]} {[%emt 00:01:48]} Nb4 {[%clk 00:29:25]} {[%emt 00:00:46]}
24. Rc3 {[%clk 00:14:56]} {[%emt 00:02:44]} Kb7 {[%clk 00:28:58]} {[%emt
00:00:57]} 25. a3 {[%emt 00:03:38]} Nc2 {[%clk 00:27:12]} {[%emt 00:00:22]} 26.
Kf1 {[%clk 00:12:07]} {[%emt 00:02:05]} h6 {[%clk 00:26:28]} {[%emt 00:01:13]}
27. Bf4 {[%clk 00:07:49]} {[%emt 00:04:49]} Bh7 {[%clk 00:26:27]} {[%emt
00:00:31]} 28. f3 {[%clk 00:05:42]} {[%emt 00:02:37]} g5 {[%clk 00:26:48]}
{[%emt 00:00:09]} 29. Bxc7 {[%clk 00:05:12]} {[%emt 00:01:01]} Rxc7 {[%clk
00:27:12]} {[%emt 00:00:06]} 30. Rxc7+ {[%clk 00:05:04]} {[%emt 00:00:35]} Kxc7
{[%clk 00:27:40]} {[%emt 00:00:04]} 31. Kf2 {[%clk 00:05:18]} {[%emt 00:00:16]}
Kc6 {[%clk 00:27:28]} {[%emt 00:00:42]} 32. Nh5 {[%clk 00:05:10]} {[%emt
00:00:38]} Rd6 {[%clk 00:27:29]} {[%emt 00:00:29]} 33. g4 {[%clk 00:05:32]}
{[%emt 00:00:09]} b5 {[%clk 00:27:44]} {[%emt 00:00:14]} 34. Ng3 {[%clk
00:05:35]} {[%emt 00:00:26]} Nd4 {[%clk 00:26:59]} {[%emt 00:01:16]} 35. Ne4
{[%clk 00:05:45]} {[%emt 00:00:20]} Re6 {[%clk 00:24:56]} {[%emt 00:02:32]} 36.
Rxd3 {[%clk 00:04:43]} {[%emt 00:01:33]} Bxe4 {[%clk 00:25:18]} {[%emt
00:00:08]} 37. Rxd4 {[%clk 00:05:07]} {[%emt 00:00:06]} Bd5 {[%clk 00:25:34]}
{[%emt 00:00:14]} 38. b4 {[%clk 00:05:28]} {[%emt 00:00:09]} Bc4 {[%clk
00:24:47]} {[%emt 00:01:17]} 39. f4 {[%clk 00:04:17]} {[%emt 00:01:41]} Re2+
{[%clk 00:24:52]} {[%emt 00:00:25]} 40. Kg1 {[%clk 00:03:50]} {[%emt 00:00:57]}
Re1+ {[%clk 00:24:03]} {[%emt 00:01:19]} 41. Kf2 {[%clk 00:02:01]} {[%emt
00:02:19]} Rf1+ {[%clk 00:24:15]} {[%emt 00:00:18]} 42. Ke3 {[%clk 00:02:18]}
{[%emt 00:00:13]} gxf4+ {[%clk 00:24:20]} {[%emt 00:00:25]} 43. Rxf4 {[%clk
00:02:13]} {[%emt 00:00:35]} Rxf4 {[%clk 00:24:40]} {[%emt 00:00:09]} 44. Kxf4
{[%clk 00:02:37]} {[%emt 00:00:07]} Be6 {[%clk 00:25:02]} {[%emt 00:00:08]} 45.
h4 {[%clk 00:02:59]} {[%emt 00:00:08]} Kd5 {[%clk 00:25:24]} {[%emt 00:00:08]}
46. g5 {[%clk 00:03:02]} {[%emt 00:00:27]} hxg5+ {[%clk 00:25:39]} {[%emt
00:00:15]} 47. hxg5 {[%clk 00:03:26]} {[%emt 00:00:06]} fxg5+ {[%clk 00:25:54]}
{[%emt 00:00:15]} 48. Kxg5 {[%clk 00:03:43]} {[%emt 00:00:12]} Kc4 {[%clk
00:26:14]} {[%emt 00:00:11]} 49. Kf6 {[%clk 00:04:04]} {[%emt 00:00:08]} Kb3
{[%clk 00:26:13]} {[%emt 00:00:32]} 50. Kxe6 {[%clk 00:04:23]} {[%emt
00:00:11]} Kxa3 {[%clk 00:26:37]} {[%emt 00:00:07]} 51. Kd5 {[%clk 00:04:45]}
{[%emt 00:00:07]} Kxb4 {[%clk 00:27:02]} {[%emt 00:00:06]} 52. Kd4 {[%clk
00:05:05]} {[%emt 00:00:09]} a5 {[%clk 00:27:15]} {[%emt 00:00:17]} 53. Kd3
{[%clk 00:05:09]} {[%emt 00:00:23]} Kb3 {[%clk 00:27:40]} {[%emt 00:00:07]} 54.
Kd2 {[%clk 00:05:24]} {[%emt 00:00:16]} Kb2 {[%clk 00:28:06]} {[%emt 00:00:05]}
55. Kd3 {[%clk 00:05:47]} {[%emt 00:00:06]} a4 {[%clk 00:28:23]} {[%emt
00:00:12]} 56. Kd2 {[%clk 00:06:00]} {[%emt 00:00:18]} a3 {[%clk 00:28:48]}
{[%emt 00:00:05]} 57. Kd1 {[%clk 00:06:19]} {[%emt 00:00:11]} a2 {[%clk
00:29:13]} {[%emt 00:00:05]} 58. Kd2 {[%emt 00:00:17]} a1=R {[%clk 00:29:28]}
{[%emt 00:00:02]} 59. Kd3 {[%clk 00:07:06]} {[%emt 00:00:10]} Rc1 {[%clk
00:29:51]} {[%emt 00:00:06]} 0-1

[Event "DEM U10 2021"]
[Site "Willingen GER"]
[Date "2021.08.26"]
[Round "6"]
[White "Prashanthakumar, Arju"]
[Black "Sajka, Noah"]
[Result "0-1"]
[Termination "normal"]
[Board "11"]
[WhiteElo "953"]
[BlackElo "1402"]
[WhiteClock "00:47:03"]
[BlackClock "00:52:20"]
[PlyCount "80"]
[WhiteFideId "34604065"]
[BlackFideId "34608192"]
[EventCountry "GER"]
[EventRounds "11"]
[EventType "swiss"]
[EventDate "2021.08.22"]

1. e4 {[%clk 01:15:57]} {[%emt 00:00:02]} c5 {[%clk 01:15:55]} {[%emt
00:00:04]} 2. Nf3 {[%clk 01:16:18]} {[%emt 00:00:10]} Nc6 {[%clk 01:16:12]}
{[%emt 00:00:13]} 3. d4 {[%clk 01:16:33]} {[%emt 00:00:15]} cxd4 {[%clk
01:16:26]} {[%emt 00:00:17]} 4. Nxd4 {[%clk 01:16:42]} {[%emt 00:00:20]} Nf6
{[%clk 01:16:37]} {[%emt 00:00:18]} 5. Nc3 {[%clk 01:16:44]} {[%emt 00:00:30]}
e5 {[%clk 01:16:28]} {[%emt 00:00:38]} 6. Ndb5 {[%clk 01:16:21]} {[%emt
00:00:54]} d6 {[%clk 01:15:41]} {[%emt 00:01:16]} 7. Bd2 {[%clk 01:14:06]}
{[%emt 00:02:46]} a6 {[%clk 01:14:43]} {[%emt 00:01:28]} 8. Na3 {[%clk
01:14:07]} {[%emt 00:00:28]} b5 {[%clk 01:14:27]} {[%emt 00:00:46]} 9. Ne2
{[%clk 01:10:41]} {[%emt 00:03:55]} Nxe4 {[%clk 01:12:58]} {[%emt 00:02:00]}
10. Ng3 {[%clk 01:07:55]} {[%emt 00:03:13]} Nxd2 {[%clk 01:11:14]} {[%emt
00:02:17]} 11. Qxd2 {[%clk 01:08:05]} {[%emt 00:00:20]} Be7 {[%clk 01:10:28]}
{[%emt 00:01:15]} 12. c3 {[%clk 01:06:20]} {[%emt 00:02:16]} Be6 {[%clk
01:09:15]} {[%emt 00:01:42]} 13. Be2 {[%clk 01:04:57]} {[%emt 00:01:54]} O-O
{[%clk 01:07:17]} {[%emt 00:02:28]} 14. O-O {[%clk 01:05:01]} {[%emt 00:00:26]}
f5 {[%clk 01:06:37]} {[%emt 00:01:10]} 15. Rfe1 {[%clk 01:02:58]} {[%emt
00:02:33]} f4 {[%clk 01:04:27]} {[%emt 00:02:40]} 16. Nf1 {[%clk 01:02:02]}
{[%emt 00:01:25]} e4 {[%clk 01:03:49]} {[%emt 00:01:08]} 17. Bd1 {[%clk
01:00:13]} {[%emt 00:02:20]} d5 {[%clk 01:01:25]} {[%emt 00:02:55]} 18. Bb3
{[%clk 00:59:26]} {[%emt 00:01:16]} Ne5 {[%clk 00:58:10]} {[%emt 00:03:44]} 19.
f3 {[%clk 00:57:42]} {[%emt 00:02:15]} Bc5+ {[%clk 00:57:52]} {[%emt 00:00:48]}
20. Kh1 {[%clk 00:57:49]} {[%emt 00:00:23]} e3 {[%clk 00:58:01]} {[%emt
00:00:20]} 21. Qe2 {[%clk 00:57:26]} {[%emt 00:00:51]} Nc4 {[%clk 00:55:39]}
{[%emt 00:02:54]} 22. Nxc4 {[%clk 00:57:01]} {[%emt 00:00:56]} dxc4 {[%clk
00:55:27]} {[%emt 00:00:42]} 23. Rad1 {[%clk 00:56:09]} {[%emt 00:01:24]} Qf6
{[%clk 00:54:16]} {[%emt 00:01:39]} 24. Bc2 {[%clk 00:55:45]} {[%emt 00:00:55]}
Bf5 {[%clk 00:54:09]} {[%emt 00:00:36]} 25. Bxf5 {[%clk 00:55:43]} {[%emt
00:00:31]} Qxf5 {[%clk 00:54:09]} {[%emt 00:00:31]} 26. b3 {[%clk 00:53:19]}
{[%emt 00:02:54]} Qe6 {[%clk 00:53:34]} {[%emt 00:01:02]} 27. b4 {[%clk
00:53:07]} {[%emt 00:00:45]} Bb6 {[%clk 00:53:30]} {[%emt 00:00:34]} 28. Qc2
{[%clk 00:52:39]} {[%emt 00:00:55]} Rad8 {[%clk 00:52:41]} {[%emt 00:01:22]}
29. Rxd8 {[%clk 00:52:16]} {[%emt 00:00:53]} Rxd8 {[%clk 00:52:38]} {[%emt
00:00:33]} 30. Re2 {[%clk 00:49:32]} {[%emt 00:03:11]} Rd3 {[%clk 00:51:31]}
{[%emt 00:01:40]} 31. a4 {[%clk 00:48:09]} {[%emt 00:01:54]} Qe5 {[%clk
00:51:29]} {[%emt 00:00:31]} 32. axb5 {[%clk 00:47:33]} {[%emt 00:01:06]} axb5
{[%clk 00:50:59]} {[%emt 00:01:00]} 33. Qa2 {[%clk 00:47:19]} {[%emt 00:00:45]}
Rxc3 {[%clk 00:50:52]} {[%emt 00:00:36]} 34. Qa8+ {[%clk 00:47:29]} {[%emt
00:00:20]} Kf7 {[%clk 00:51:16]} {[%emt 00:00:06]} 35. Qb7+ {[%clk 00:47:30]}
{[%emt 00:00:30]} Bc7 {[%clk 00:51:34]} {[%emt 00:00:11]} 36. Ra2 {[%clk
00:47:19]} {[%emt 00:00:41]} Rc1 {[%clk 00:51:36]} {[%emt 00:00:27]} 37. Kg1
{[%clk 00:47:09]} {[%emt 00:00:41]} e2 {[%clk 00:51:55]} {[%emt 00:00:12]} 38.
Rxe2 {[%clk 00:46:48]} {[%emt 00:00:51]} Qd4+ {[%clk 00:52:03]} {[%emt
00:00:22]} 39. Rf2 {[%clk 00:46:49]} {[%emt 00:00:29]} Rxf1+ {[%clk 00:52:20]}
{[%emt 00:00:12]} 40. Kxf1 {[%clk 00:47:03]} {[%emt 00:00:16]} Qd1# {[%emt
00:00:10]} 0-1

[Event "DEM U10 2021"]
[Site "Willingen GER"]
[Date "2021.08.26"]
[Round "6"]
[White "Böhler, Yannic"]
[Black "Fadeev, Justin Michael"]
[Result "0-1"]
[Termination "normal"]
[Board "12"]
[WhiteElo "1150"]
[BlackElo "1323"]
[WhiteClock "00:12:16"]
[BlackClock "00:52:18"]
[PlyCount "64"]
[WhiteFideId "34609059"]
[BlackFideId "34602968"]
[EventCountry "GER"]
[EventRounds "11"]
[EventType "swiss"]
[EventDate "2021.08.22"]

1. d4 {[%clk 01:15:59]} {[%emt 00:00:01]} d5 {[%clk 01:15:49]} {[%emt
00:00:10]} 2. c4 {[%clk 01:16:22]} {[%emt 00:00:07]} e6 {[%clk 01:16:12]}
{[%emt 00:00:06]} 3. Nc3 {[%clk 01:16:45]} {[%emt 00:00:08]} c6 {[%clk
01:16:22]} {[%emt 00:00:21]} 4. cxd5 {[%clk 01:16:54]} {[%emt 00:00:21]} exd5
{[%clk 01:16:20]} {[%emt 00:00:32]} 5. Nf3 {[%clk 01:16:55]} {[%emt 00:00:29]}
Nf6 {[%clk 01:14:45]} {[%emt 00:02:05]} 6. Bg5 {[%clk 01:17:03]} {[%emt
00:00:21]} Bb4 {[%clk 01:11:56]} {[%emt 00:03:19]} 7. Qc2 {[%clk 01:15:20]}
{[%emt 00:02:12]} O-O {[%clk 01:09:57]} {[%emt 00:02:29]} 8. e3 {[%clk
01:14:41]} {[%emt 00:01:10]} h6 {[%clk 01:08:10]} {[%emt 00:02:18]} 9. Bh4
{[%clk 01:14:34]} {[%emt 00:00:36]} g5 {[%clk 01:04:46]} {[%emt 00:03:55]} 10.
Bg3 {[%clk 01:14:57]} {[%emt 00:00:06]} Ne4 {[%clk 01:04:23]} {[%emt 00:00:53]}
11. Bd3 {[%clk 01:14:38]} {[%emt 00:00:49]} f5 {[%clk 01:03:38]} {[%emt
00:01:15]} 12. a3 {[%clk 01:12:50]} {[%emt 00:02:19]} Bxc3+ {[%clk 01:01:50]}
{[%emt 00:02:17]} 13. bxc3 {[%emt 00:00:48]} Qe8 {[%clk 01:00:55]} {[%emt
00:01:21]} 14. c4 {[%clk 01:07:29]} {[%emt 00:05:38]} f4 {[%clk 00:59:55]}
{[%emt 00:01:30]} 15. Qb3 {[%clk 00:55:21]} {[%emt 00:12:37]} fxg3 {[%clk
00:57:42]} {[%emt 00:02:43]} 16. cxd5 {[%emt 00:00:33]} gxf2+ {[%clk 00:57:55]}
{[%emt 00:00:16]} 17. Ke2 {[%clk 00:55:16]} {[%emt 00:00:34]} Kg7 {[%clk
00:56:04]} {[%emt 00:02:20]} 18. Ne5 {[%clk 00:51:22]} {[%emt 00:04:25]} Qxe5
{[%clk 00:55:09]} {[%emt 00:01:24]} 19. Bxe4 {[%clk 00:36:22]} {[%emt
00:15:30]} Qxe4 {[%clk 00:54:17]} {[%emt 00:01:23]} 20. g3 {[%clk 00:31:00]}
{[%emt 00:05:52]} Qf3+ {[%clk 00:53:30]} {[%emt 00:01:16]} 21. Kd2 {[%clk
00:31:10]} {[%emt 00:00:20]} Qxd5 {[%clk 00:52:50]} {[%emt 00:01:10]} 22. Qd3
{[%clk 00:29:34]} {[%emt 00:02:05]} Bf5 {[%clk 00:51:36]} {[%emt 00:01:45]} 23.
Qe2 {[%clk 00:29:00]} {[%emt 00:01:04]} Qa5+ {[%clk 00:51:37]} {[%emt
00:00:29]} 24. Kd1 {[%clk 00:27:08]} {[%emt 00:02:21]} Bg4 {[%clk 00:51:00]}
{[%emt 00:01:08]} 25. Qxg4 {[%clk 00:19:31]} {[%emt 00:08:06]} f1=Q+ {[%clk
00:51:02]} {[%emt 00:00:29]} 26. Rxf1 {[%clk 00:19:55]} {[%emt 00:00:06]} Rxf1+
{[%clk 00:51:25]} {[%emt 00:00:08]} 27. Kc2 {[%clk 00:18:46]} {[%emt 00:01:38]}
Rxa1 {[%clk 00:51:31]} {[%emt 00:00:24]} 28. Qe6 {[%clk 00:18:59]} {[%emt
00:00:17]} Qa4+ {[%clk 00:51:43]} {[%emt 00:00:18]} 29. Kc3 {[%clk 00:13:53]}
{[%emt 00:05:35]} Qxa3+ {[%clk 00:51:36]} {[%emt 00:00:38]} 30. Kd2 {[%clk
00:12:37]} {[%emt 00:01:46]} Ra2+ {[%clk 00:51:54]} {[%emt 00:00:12]} 31. Kd1
{[%clk 00:12:42]} {[%emt 00:00:23]} Qd3+ {[%clk 00:52:18]} {[%emt 00:00:07]}
32. Kc1 {[%clk 00:12:16]} {[%emt 00:00:56]} Qf1# {[%emt 00:00:10]} 0-1

[Event "DEM U10 2021"]
[Site "Willingen GER"]
[Date "2021.08.26"]
[Round "6"]
[White "Gulamzada, Elmir"]
[Black "Peglau, Paul David"]
[Result "0-1"]
[Termination "normal"]
[Board "13"]
[WhiteElo "1342"]
[BlackElo "1365"]
[WhiteClock "00:13:27"]
[BlackClock "00:30:41"]
[PlyCount "121"]
[WhiteFideId "34604332"]
[BlackFideId "16290550"]
[EventCountry "GER"]
[EventRounds "11"]
[EventType "swiss"]
[EventDate "2021.08.22"]

1. e4 {[%clk 01:15:56]} {[%emt 00:00:03]} c6 {[%clk 01:15:41]} {[%emt
00:00:19]} 2. d4 {[%clk 01:15:48]} {[%emt 00:00:38]} d5 {[%clk 01:16:04]}
{[%emt 00:00:06]} 3. exd5 {[%clk 01:14:24]} {[%emt 00:01:55]} cxd5 {[%clk
01:12:12]} {[%emt 00:04:22]} 4. Nc3 {[%clk 01:12:40]} {[%emt 00:02:15]} Nc6
{[%clk 01:11:46]} {[%emt 00:00:55]} 5. Bb5 {[%clk 01:08:09]} {[%emt 00:04:59]}
Bf5 {[%clk 01:10:50]} {[%emt 00:01:27]} 6. Nge2 {[%clk 01:03:16]} {[%emt
00:05:24]} e6 {[%clk 01:09:21]} {[%emt 00:02:00]} 7. Bf4 {[%clk 00:50:29]}
{[%emt 00:13:17]} Bd6 {[%clk 01:08:00]} {[%emt 00:01:50]} 8. Bd3 {[%clk
00:44:41]} {[%emt 00:06:18]} Bxf4 {[%clk 01:04:43]} {[%emt 00:03:46]} 9. Bxf5
{[%clk 00:43:37]} {[%emt 00:01:35]} Bd6 {[%clk 01:01:23]} {[%emt 00:03:49]} 10.
Bd3 {[%clk 00:42:45]} {[%emt 00:01:22]} Nge7 {[%clk 01:00:18]} {[%emt
00:01:36]} 11. Qd2 {[%clk 00:39:16]} {[%emt 00:03:59]} a6 {[%clk 00:55:08]}
{[%emt 00:05:41]} 12. g4 {[%clk 00:36:22]} {[%emt 00:03:23]} Qc7 {[%clk
00:54:17]} {[%emt 00:01:21]} 13. h4 {[%clk 00:33:42]} {[%emt 00:03:10]} O-O-O
{[%clk 00:52:11]} {[%emt 00:02:35]} 14. f4 {[%clk 00:27:10]} {[%emt 00:07:03]}
Rdf8 {[%clk 00:49:09]} {[%emt 00:03:32]} 15. Rf1 {[%clk 00:19:50]} {[%emt
00:07:51]} Qb6 {[%clk 00:45:25]} {[%emt 00:04:13]} 16. Na4 {[%clk 00:13:54]}
{[%emt 00:06:26]} Qb4 {[%clk 00:44:32]} {[%emt 00:01:23]} 17. Qxb4 {[%clk
00:10:43]} {[%emt 00:03:41]} Nxb4 {[%clk 00:43:44]} {[%emt 00:01:18]} 18. Nac3
{[%clk 00:06:52]} {[%emt 00:04:21]} Nec6 {[%clk 00:41:58]} {[%emt 00:02:16]}
19. f5 {[%clk 00:06:25]} {[%emt 00:00:57]} Nxd3+ {[%clk 00:39:57]} {[%emt
00:02:31]} 20. cxd3 {[%clk 00:06:43]} {[%emt 00:00:11]} g6 {[%clk 00:39:35]}
{[%emt 00:00:52]} 21. h5 {[%clk 00:04:47]} {[%emt 00:02:26]} Kd7 {[%clk
00:35:46]} {[%emt 00:04:20]} 22. Nf4 {[%emt 00:01:51]} Bxf4 {[%clk 00:33:54]}
{[%emt 00:02:20]} 23. Rxf4 {[%clk 00:03:46]} {[%emt 00:00:12]} g5 {[%clk
00:33:40]} {[%emt 00:00:44]} 24. Rf1 {[%clk 00:02:06]} {[%emt 00:02:10]} Nxd4
{[%clk 00:33:47]} {[%emt 00:00:23]} 25. Kd2 {[%clk 00:02:09]} {[%emt 00:00:27]}
b5 {[%clk 00:32:44]} {[%emt 00:01:34]} 26. Ne2 {[%clk 00:01:49]} {[%emt
00:00:49]} Nxe2 {[%clk 00:32:08]} {[%emt 00:01:06]} 27. Kxe2 {[%clk 00:02:14]}
{[%emt 00:00:05]} e5 {[%clk 00:31:15]} {[%emt 00:01:23]} 28. Ke3 {[%clk
00:01:38]} {[%emt 00:01:06]} Kd6 {[%clk 00:30:32]} {[%emt 00:01:13]} 29. Rac1
{[%clk 00:01:35]} {[%emt 00:00:34]} Rc8 {[%clk 00:30:23]} {[%emt 00:00:38]} 30.
a3 {[%clk 00:01:22]} {[%emt 00:00:43]} a5 {[%clk 00:30:13]} {[%emt 00:00:40]}
31. b3 {[%clk 00:01:43]} {[%emt 00:00:09]} f6 {[%clk 00:29:07]} {[%emt
00:01:36]} 32. Rfe1 {[%clk 00:01:24]} {[%emt 00:00:49]} Rhe8 {[%clk 00:28:00]}
{[%emt 00:01:37]} 33. h6 {[%clk 00:01:11]} {[%emt 00:00:43]} Red8 {[%clk
00:26:46]} {[%emt 00:01:44]} 34. Rh1 {[%clk 00:01:06]} {[%emt 00:00:35]} Rc6
{[%clk 00:26:29]} {[%emt 00:00:47]} 35. Rxc6+ {[%clk 00:01:09]} {[%emt
00:00:28]} Kxc6 {[%clk 00:26:57]} {[%emt 00:00:02]} 36. Rc1+ {[%clk 00:01:31]}
{[%emt 00:00:08]} Kd6 {[%clk 00:27:06]} {[%emt 00:00:21]} 37. Rc2 {[%clk
00:01:41]} {[%emt 00:00:19]} Rb8 {[%clk 00:27:14]} {[%emt 00:00:22]} 38. d4
{[%clk 00:01:01]} {[%emt 00:01:10]} exd4+ {[%clk 00:27:07]} {[%emt 00:00:37]}
39. Kxd4 {[%clk 00:01:22]} {[%emt 00:00:09]} Re8 {[%clk 00:27:17]} {[%emt
00:00:19]} 40. Kd3 {[%clk 00:01:08]} {[%emt 00:00:44]} Re4 {[%clk 00:27:13]}
{[%emt 00:00:35]} 41. Rc8 {[%clk 00:00:42]} {[%emt 00:00:56]} Rxg4 {[%clk
00:26:45]} {[%emt 00:00:59]} 42. Rh8 {[%clk 00:01:00]} {[%emt 00:00:11]} Rh4
{[%clk 00:22:32]} {[%emt 00:04:43]} 43. Rxh7 {[%clk 00:01:21]} {[%emt
00:00:09]} g4 {[%clk 00:22:18]} {[%emt 00:00:44]} 44. Rh8 {[%clk 00:01:33]}
{[%emt 00:00:18]} g3 {[%clk 00:21:52]} {[%emt 00:00:57]} 45. Ke3 {[%clk
00:01:56]} {[%emt 00:00:06]} d4+ {[%clk 00:18:18]} {[%emt 00:04:04]} 46. Kf3
{[%clk 00:01:24]} {[%emt 00:01:02]} d3 {[%clk 00:17:38]} {[%emt 00:01:10]} 47.
Kxg3 {[%clk 00:15:14]} {[%emt 00:01:40]} Rh1 {[%clk 00:28:11]} {[%emt
00:05:09]} 48. h7 {[%clk 00:15:14]} {[%emt 00:00:31]} Ke7 {[%clk 00:27:32]}
{[%emt 00:01:09]} 49. Rc8 {[%clk 00:13:11]} {[%emt 00:02:34]} d2 {[%clk
00:26:02]} {[%emt 00:02:00]} 50. h8=Q {[%emt 00:03:25]} Rxh8 {[%clk 00:28:16]}
{[%emt 00:00:27]} 51. Rxh8 {[%clk 00:10:59]} {[%emt 00:00:09]} d1=Q {[%clk
00:28:27]} {[%emt 00:00:18]} 52. Rh7+ {[%clk 00:11:02]} {[%emt 00:00:27]} Kf8
{[%clk 00:28:22]} {[%emt 00:00:35]} 53. Ra7 {[%clk 00:10:49]} {[%emt 00:00:43]}
Qg1+ {[%clk 00:28:40]} {[%emt 00:00:12]} 54. Kh4 {[%clk 00:11:14]} {[%emt
00:00:04]} Qxa7 {[%clk 00:29:01]} {[%emt 00:00:10]} 55. Kh5 {[%clk 00:11:37]}
{[%emt 00:00:07]} Qg7 {[%clk 00:29:08]} {[%emt 00:00:23]} 56. Kh4 {[%clk
00:11:54]} {[%emt 00:00:13]} Ke7 {[%clk 00:29:24]} {[%emt 00:00:15]} 57. Kh3
{[%clk 00:12:16]} {[%emt 00:00:07]} Kd6 {[%clk 00:29:43]} {[%emt 00:00:11]} 58.
Kh2 {[%clk 00:12:23]} {[%emt 00:00:23]} Ke5 {[%clk 00:30:01]} {[%emt 00:00:12]}
59. Kh1 {[%clk 00:12:43]} {[%emt 00:00:09]} Kf4 {[%clk 00:30:22]} {[%emt
00:00:11]} 60. Kh2 {[%clk 00:13:04]} {[%emt 00:00:08]} Kf3 {[%clk 00:30:41]}
{[%emt 00:00:11]} 61. Kh1 {[%clk 00:13:27]} {[%emt 00:00:07]} 0-1